Beginning algebra / (Record no. 12468)

MARC details
000 -LEADER
fixed length control field 00883pam a2200277 a 4500
001 - CONTROL NUMBER
control field 4886716
003 - CONTROL NUMBER IDENTIFIER
control field OSt
005 - DATE AND TIME OF LATEST TRANSACTION
control field 20211013150253.0
008 - FIXED-LENGTH DATA ELEMENTS--GENERAL INFORMATION
fixed length control field 930715s1994 maua 001 0 eng
010 ## - LIBRARY OF CONGRESS CONTROL NUMBER
LC control number 93005842
020 ## - INTERNATIONAL STANDARD BOOK NUMBER
International Standard Book Number 0534937624 (acidfree)
040 ## - CATALOGING SOURCE
Original cataloging agency DDC
Transcribing agency HU
Modifying agency DLC
050 00 - LIBRARY OF CONGRESS CALL NUMBER
Classification number QA152.2
Item number .W438 1994
082 00 - DEWEY DECIMAL CLASSIFICATION NUMBER
Classification number 512.9/WEL
Edition number 20
100 1# - MAIN ENTRY--PERSONAL NAME
Personal name Weltman, Dennis.
9 (RLIN) 13349
245 10 - TITLE STATEMENT
Title Beginning algebra /
Statement of responsibility, etc. Dennis Weltman, Gilbert Perez.
250 ## - EDITION STATEMENT
Edition statement 2nd ed.
260 ## - PUBLICATION, DISTRIBUTION, ETC.
Place of publication, distribution, etc. Boston, MA :
Name of publisher, distributor, etc. PWS,
Date of publication, distribution, etc. c1994.
300 ## - PHYSICAL DESCRIPTION
Extent xxi, 633 p. :
Other physical details ill. ;
Dimensions 27 cm.
500 ## - GENERAL NOTE
General note Includes index.
650 #0 - SUBJECT ADDED ENTRY--TOPICAL TERM
Topical term or geographic name entry element Algebra.
700 1# - ADDED ENTRY--PERSONAL NAME
Personal name Perez, Gilbert.
9 (RLIN) 13350
906 ## - LOCAL DATA ELEMENT F, LDF (RLIN)
a 7
b cbc
c orignew
d 1
e ocip
f 19
g y-gencatlg
942 ## - ADDED ENTRY ELEMENTS (KOHA)
Source of classification or shelving scheme Dewey Decimal Classification
Koha item type Books like text book referance book
Suppress in OPAC No
Holdings
Withdrawn status Lost status Source of classification or shelving scheme Damaged status Not for loan Home library Current library Date acquired Total Checkouts Full call number Barcode Date last seen Copy number Price effective from Koha item type Shelving location
    Dewey Decimal Classification     Natural & Computational Science Library Natural & Computational Science Library 10/13/2021   512.9/WEL NSCLIB000010774 10/13/2021 3 10/13/2021 Books like text book referance book  
    Dewey Decimal Classification     Natural & Computational Science Library Natural & Computational Science Library 10/13/2021   512.9/WEL NSCLIB000010770 10/13/2021 4 10/13/2021 Books like text book referance book  
    Dewey Decimal Classification     Natural & Computational Science Library Natural & Computational Science Library 10/13/2021   512.9/WEL NSCLIB000010772 10/13/2021 5 10/13/2021 Books like text book referance book  
    Dewey Decimal Classification     Natural & Computational Science Library Natural & Computational Science Library 10/13/2021   512.9/WEL NSCLIB000010771 10/13/2021 6 10/13/2021 Books like text book referance book General Stacks
    Dewey Decimal Classification     Natural & Computational Science Library Natural & Computational Science Library 10/13/2021   512.9/WEL NSCLIB000010773 10/13/2021 7 10/13/2021 Books like text book referance book  
    Dewey Decimal Classification     Natural & Computational Science Library Natural & Computational Science Library 10/13/2021   512.9/WEL NSCLIB000010789 10/13/2021 2 10/13/2021 Books like text book referance book